| 000 | 01034nam a22003137a 4500 | ||
|---|---|---|---|
| 003 | CHAP | ||
| 005 | 20220329133837.0 | ||
| 008 | 971013s1982 r 00010 d | ||
| 010 | _a11688 | ||
| 011 | _a12660 | ||
| 035 | _a16033 | ||
| 040 | _cCHAP | ||
| 090 | _aFolleto 8684 | ||
| 100 | 0 | 0 |
_aRamírez Pérez, Félix. _994187 |
| 245 | _aGuía para cultivar cebada en el Bajío | ||
| 260 |
_aCelaya, Gto. : _bINIA. Centro de Investigaciones Agrícolas del Bajío, _c1982 |
||
| 300 | _a23 p. | ||
| 490 |
_aINIA. México. CIANO. Folleto para productores _v; 7 |
||
| 590 |
_aBATCH-UPD _b10 _c20130110 _lUCH01 _h1853 |
||
| 590 |
_aBATCH-UPD _b10 _c20130410 _lUCH01 _h1222 |
||
| 590 |
_aBATCH-UPD _b10 _c20130914 _lUCH01 _h0903 |
||
| 590 |
_aCONVERSION _b10 _c20130109 _lUCH01 _h1308 |
||
| 650 | 1 | 4 |
_aCebada _xGuanajuato. _920684 |
| 650 | 1 | 4 |
_aCebada _xVariedades. _920715 |
| 830 | 0 |
_aINIA. México. CIANO. Folleto para productores _v; 7 _958570 |
|
| 901 | _aBK | ||
| 942 | _cFOLL | ||
| 949 |
_aFolleto 8684 _bBC _cFOLL _d-144476 _eTS1 _i16033 _si |
||
| 999 |
_c11688 _d11688 |
||